All 10k+ Cities in Australia on a Map - Statistics

General Stats
  • This quiz has been taken 1,245 times
  • The average score is 33 of 124
Answers on the Map
Answers color-coded by a green-red scale on the quiz's map according to % correct below.
 
Answer Stats
State 2021 census Urban centre % Correct
VIC 4,585,537 Melbourne
97%
NSW 4,698,656 Sydney
97%
WA 2,043,762 Perth
96%
SA 1,245,011 Adelaide
94%
QLD 2,287,896 Brisbane
94%
ACT/NSW 490,181 Canberra - Queanbeyan
92%
NT 122,207 Darwin
92%
QLD/NSW 671,386 Gold Coast - Tweed Heads
87%
TAS 204,010 Hobart
87%
NT 24,855 Alice Springs
85%
QLD 153,181 Cairns
76%
NSW 348,539 Newcastle
70%
QLD 284,131 Sunshine Coast
64%
QLD 173,724 Townsville
63%
NSW 280,153 Wollongong
63%
VIC 180,239 Geelong
60%
TAS 87,345 Launceston
55%
VIC 105,348 Ballarat
48%
VIC 100,649 Bendigo
47%
WA 14,660 Broome
47%
QLD 63,151 Rockhampton
46%
QLD 108,398 Toowoomba
45%
NSW/VIC 91,516 Albury - Wodonga
42%
QLD 18,317 Mount Isa
42%
WA 29,068 Kalgoorlie - Boulder
41%
QLD 80,455 Mackay
40%
NSW 49,686 Wagga Wagga
39%
WA 31,128 Albany
38%
NSW 17,456 Broken Hill
36%
WA 75,196 Bunbury
35%
VIC/NSW 36,904 Mildura - Buronga
34%
NSW 51,069 Coffs Harbour
33%
QLD 52,370 Bundaberg
32%
NSW 10,538 Byron Bay
32%
NSW 40,127 Orange
32%
NSW 47,793 Port Macquarie
31%
NSW 38,783 Dubbo
30%
SA 26,734 Mount Gambier
30%
WA 32,717 Geraldton
29%
TAS 26,015 Devonport
28%
NSW 36,230 Bathurst
27%
WA 10,218 Esperance
27%
SA 12,788 Port Augusta
27%
WA 15,298 Port Hedland
27%
VIC 49,862 Shepparton - Mooroopna
26%
SA 14,404 Port Lincoln
25%
VIC 32,894 Warrnambool
23%
QLD 57,722 Hervey Bay
22%
NSW 35,415 Tamworth
22%
SA 20,880 Whyalla
21%
TAS 16,503 Burnie
20%
VIC/NSW 22,568 Echuca - Moama
20%
NSW 27,916 Lismore
20%
WA 27,233 Busselton
19%
QLD 34,703 Gladstone
19%
NSW 89,597 Maitland
19%
SA 13,708 Port Pirie
19%
WA 17,013 Karratha
18%
VIC 27,628 Traralgon
18%
NSW 21,312 Armidale
17%
QLD 14,089 Emerald
17%
NSW 23,963 Goulburn
17%
NSW 33,583 Nowra - Bomaderry
17%
VIC 10,450 Portland
17%
VIC 14,100 Sale
17%
NSW 18,532 Ballina
16%
NSW 20,799 Griffith
16%
VIC 15,758 Moe - Newborough
16%
SA 16,709 Victor Harbor
16%
VIC 19,712 Wangaratta
16%
SA 17,457 Murray Bridge
15%
VIC 10,869 Swan Hill
15%
NSW 12,263 Batemans Bay
14%
NSW 17,155 Grafton
14%
VIC 16,289 Horsham
14%
QLD 22,237 Maryborough
14%
NSW 18,110 Taree
14%
VIC 22,998 Torquay - Jan Juc
14%
VIC 13,734 Bairnsdale
13%
NSW 11,197 Lithgow
13%
VIC 14,068 Morwell
13%
QLD 10,646 Airlie Beach
12%
NSW 23,762 Bowral - Mittagong
12%
VIC 12,348 Colac
12%
SA 28,562 Gawler
12%
QLD 19,435 Gympie
12%
SA 21,554 Mount Barker
12%
NSW 20,554 Forster - Tuncurry
11%
NSW 14,761 Kiama
11%
VIC 19,134 Warragul
11%
VIC 22,035 Ocean Grove - Barwon Heads
10%
NSW 14,396 Ulladulla
10%
QLD 18,789 Yeppoon
10%
VIC 21,692 Bacchus Marsh
9%
VIC 10,577 Castlemaine
9%
NSW 23,211 Cessnock
9%
TAS 12,288 Kingston
9%
NSW 11,563 Mudgee
9%
NSW 14,593 Nelson Bay
9%
NSW 14,229 Singleton
9%
TAS 13,134 Ulverstone
9%
QLD 14,110 Warwick
9%
VIC 14,764 Drouin
8%
VIC 10,999 Gisborne
8%
NSW 11,073 Kempsey
8%
VIC 15,772 Lara
8%
NSW 10,901 Muswellbrook
8%
QLD 12,082 Dalby
6%
QLD 20,918 Nambour
6%
WA 11,009 Yanchep
6%
VIC 16,199 Drysdale - Clifton Springs
5%
QLD 10,147 Kingaroy
5%
VIC 14,741 Wallan
5%
SA 15,783 Crafers - Bridgewater
4%
VIC 12,319 Leopold
4%
NSW 22,150 Morisset - Cooranbong
4%
NSW 14,081 Raymond Terrace
4%
NSW 11,000 St Georges Basin - Sanctuary Point
4%
QLD 13,000 Bargara - Innes Park
3%
QLD 11,534 Gracemere
3%
QLD 10,259 Highfields
3%
NSW 20,015 Kurri Kurri
3%
NSW 10,019 Medowie
3%
QLD 20,612 Bongaree - Woorim
2%
No matching quizzes found
Score Distribution
Percent of People with Each Score
Percentile by Number Answered
Your Score History
You have not taken this quiz